[Event "Let's Play Chess!"]
[Site "http://www.queenalice.com/game.php?id=305465"]
[Date "2007.11.17"]
[Round "-"]
[White "Avalon1982"]
[Black "spawnwolfwolverine"]
[Result "1-0"]
[WhiteElo "1939"]
[BlackElo "1641"]

1. e4 e5 2. Nc3 d6 3. Bc4 Nf6 4. d3 Be7 5. f4 O-O 6. Nf3 a6 7. fxe5 dxe5 8. Nxe5
Qd4 9. Nf3 Qa7 10. Qe2 Bb4 11. Be3 c5 12. O-O Bxc3 13. bxc3 Bd7 14. Qf2 Bc6 15.
Bxc5 b6 16. Bxf8 Kxf8 17. Ng5 b5 18. Bb3 Qxf2+ 19. Rxf2 Nbd7 20. d4 Bxe4 21.
Nxe4 Nxe4 22. Rxf7+ Ke8 23. Rxg7 Ra7 24. Re1 Kf8 25. Rf7+ Ke8 26. Rxe4+ Kd8 27.
Rg4 Kc8 28. Be6 h5 29. Rgg7 h4 30. Rg8+ Kc7 31. Rxd7+ Kc6 32. Rxa7 a5 33. d5+
Kd6 34. Ra6+ Ke5 35. Rg5+ Kf4 36. Rf5+ Ke4 37. d6 h3 38. d7 hxg2 39. d8=Q b4 40.
Qd3# 1-0

[Event "Let's Play Chess!"]
[Site "http://www.queenalice.com/game.php?id=305597"]
[Date "2007.11.17"]
[Round "-"]
[White "Avalon1982"]
[Black "CampbellMarcel"]
[Result "1-0"]
[WhiteElo "1871"]
[BlackElo "1812"]

1. e4 c5 2. Nc3 e6 3. f4 Qh4+ 4. g3 Qe7 5. Nf3 Nc6 6. Bb5 Nd4 7. Bc4 Nxf3+ 8.
Qxf3 Rb8 9. d3 a6 10. a4 Nf6 11. O-O d6 12. e5 Nd7 13. exd6 Qxd6 14. f5 e5 15.
Ne4 Qc6 16. f6 g6 17. Qf2 b5 18. axb5 axb5 19. Bb3 c4 20. dxc4 bxc4 21. Ba4 Qc7
22. Be3 Bb7 23. Nc3 Bc5 24. Bxd7+ Kxd7 25. Bxc5 Qc6 26. Rfd1+ Ke8 27. Kf1 Qh1+
28. Ke2 Bf3+ 29. Qxf3 Qxh2+ 30. Qf2 Qxf2+ 31. Kxf2 1-0

[Event "Let's Play Chess!"]
[Site "http://www.queenalice.com/game.php?id=305611"]
[Date "2007.11.17"]
[Round "-"]
[White "Avalon1982"]
[Black "CampbellMarcel"]
[Result "1-0"]
[WhiteElo "1758"]
[BlackElo "1812"]

1. e4 e5 2. Nc3 Bb4 3. Bc4 Bxc3 4. bxc3 Nf6 5. d3 O-O 6. f4 exf4 7. Bxf4 d6 8.
Nf3 Bg4 9. Bg5 h6 10. Bh4 g5 11. Bg3 Re8 12. O-O Nc6 13. Qd2 Nh5 14. Bxf7+ Kxf7
15. Nd4+ Nf6 16. h3 Nxd4 17. cxd4 Bh5 18. e5 dxe5 19. dxe5 Qd4+ 20. Kh1 Rxe5 21.
Bxe5 Qxe5 22. Rae1 Qd5 23. Qb4 c5 24. Qa5 b6 25. Qc3 Qc6 26. Re5 Bg6 27. Qc4+
Kf8 28. Re6 b5 29. Rexf6+ 1-0

[Event "Let's Play Chess!"]
[Site "http://www.queenalice.com/game.php?id=305874"]
[Date "2007.11.18"]
[Round "-"]
[White "Avalon1982"]
[Black "lucianovdemelo"]
[Result "1-0"]
[WhiteElo "2009"]
[BlackElo "1470"]

1. e4 e5 2. Nc3 Nf6 3. f4 d6 4. Bc4 Bg4 5. Nf3 Nc6 6. h3 Bxf3 7. Qxf3 Be7 8. O-O
O-O 9. d3 Nd4 10. Qf2 Qd7 11. fxe5 dxe5 12. Be3 Rad8 13. Nd5 Nxd5 14. Bxd5 c5
15. c3 Ne6 16. Qg3 g6 17. Bh6 Rfe8 18. Qxe5 Qd6 19. Qxd6 Bxd6 20. Bxb7 Rb8 21.
Bc6 Rec8 22. Bd7 Rc7 23. Bxe6 fxe6 24. b3 a5 25. d4 cxd4 26. cxd4 Bb4 27. Rac1
Rxc1 28. Rxc1 Kf7 29. e5 Ba3 30. Rc7+ Ke8 31. Rxh7 Rd8 32. Rh8+ Kd7 33. Rxd8+
Kc6 34. Rg8 Bb2 35. Be3 1-0

[Event "Let's Play Chess!"]
[Site "http://www.queenalice.com/game.php?id=306356"]
[Date "2007.11.18"]
[Round "-"]
[White "Avalon1982"]
[Black "erbe"]
[Result "0-1"]
[WhiteElo "2024"]
[BlackElo "1561"]

1. e4 c5 2. Nc3 Nc6 3. f4 e6 4. Nf3 d5 5. Bb5 Nf6 6. Bxc6+ bxc6 7. Qe2 d4 8. Nd1
Be7 9. d3 O-O 10. O-O Ba6 11. b3 Qc7 12. Qf2 Rab8 13. Qg3 Nh5 14. Qg4 g6 15. f5
exf5 16. exf5 Bc8 17. Nh4 Qd8 18. g3 Bxh4 19. gxh4 Qd5 20. Qf3 Bxf5 21. Bh6 Rfe8
22. Qxd5 cxd5 23. Nf2 Re2 24. Rae1 Rxc2 25. Re7 Rxa2 26. Rfe1 Ng7 27. h3 Ra3 28.
Ng4 Bxg4 29. hxg4 Raxb3 30. h5 Rxd3 31. hxg6 hxg6 32. Rxa7 Ne6 0-1

[Event "Let's Play Chess!"]
[Site "http://www.queenalice.com/game.php?id=306520"]
[Date "2007.11.19"]
[Round "-"]
[White "Avalon1982"]
[Black "crister"]
[Result "1-0"]
[WhiteElo "2009"]
[BlackElo "1826"]

1. e4 e5 2. Nc3 Nf6 3. f4 d5 4. d3 Bg4 5. Be2 Bxe2 6. Qxe2 d4 7. fxe5 dxc3 8.
exf6 Qxf6 9. b3 Bc5 10. Nf3 Qb6 11. a3 Nd7 12. b4 Bd4 13. Nxd4 Qxd4 14. Be3 Qf6
15. Qf3 Qc6 16. O-O O-O 17. Qg3 Rae8 18. Rf2 b6 19. Raf1 Ne5 20. Bf4 f6 21. h4
Qe6 22. h5 f5 23. h6 Ng6 24. hxg7 Rf7 25. Bh6 f4 26. Bxf4 Nxf4 27. Rxf4 Rxg7 28.
Qf3 Qe7 29. Rg4 Rf8 30. Rxg7+ Qxg7 31. Qxf8+ Qxf8 32. Rxf8+ Kxf8 33. Kf2 Ke7 34.
Ke3 Ke6 35. Kd4 a6 36. Kxc3 Ke5 37. a4 h5 38. Kc4 h4 39. a5 Kf4 40. Kd5 Kg3 41.
e5 Kxg2 42. e6 h3 43. e7 h2 44. e8=Q h1=Q 45. Qe4+ Kh2 46. Qxh1+ Kxh1 47. axb6
1-0

[Event "Let's Play Chess!"]
[Site "http://www.queenalice.com/game.php?id=306521"]
[Date "2007.11.19"]
[Round "-"]
[White "Avalon1982"]
[Black "IvanIrk"]
[Result "1-0"]
[WhiteElo "2043"]
[BlackElo "1606"]

1. e4 e5 2. Nc3 c6 3. d4 d6 4. dxe5 a6 5. Nf3 Bg4 6. h3 Bxf3 7. Qxf3 dxe5 8. Bc4
Nf6 9. O-O h6 10. Be3 b5 11. Bb3 Be7 12. Qg3 g5 13. Qxe5 Nbd7 14. Qd4 Qc7 15. a3
Rd8 16. Qd2 g4 17. h4 1-0

[Event "Let's Play Chess!"]
[Site "http://www.queenalice.com/game.php?id=306706"]
[Date "2007.11.19"]
[Round "-"]
[White "Avalon1982"]
[Black "spawnwolfwolverine"]
[Result "1-0"]
[WhiteElo "2025"]
[BlackElo "1644"]

1. e4 e5 2. Nc3 Nc6 3. Bc4 d6 4. d3 Nf6 5. f4 Bg4 6. Nf3 Nd4 7. Be3 Be7 8. Bxd4
exd4 9. Nd5 Nxd5 10. Bxd5 c6 11. Bb3 O-O 12. h3 Bxf3 13. Qxf3 c5 14. O-O b5 15.
Bd5 Rb8 16. f5 Bf6 17. Qg4 h6 18. Rf3 a5 19. Rg3 Qe7 20. Qh5 Kh7 21. Rf1 Be5 22.
Rg4 f6 23. Qg6+ Kh8 24. Rh4 b4 25. b3 Rb6 26. Rf3 Ra6 27. g4 a4 28. Rxh6+ gxh6
29. Qxh6+ Qh7 30. Qxf8+ Qg8 31. Qxg8# 1-0

[Event "Let's Play Chess!"]
[Site "http://www.queenalice.com/game.php?id=306721"]
[Date "2007.11.19"]
[Round "-"]
[White "Avalon1982"]
[Black "CJ"]
[Result "1-0"]
[WhiteElo "1997"]
[BlackElo "1565"]

1. e4 e5 2. Nc3 c6 3. d4 Bb4 4. dxe5 Bxc3+ 5. bxc3 f6 6. f4 fxe5 7. fxe5 Qh4+ 8.
Ke2 Qxe4+ 9. Kf2 Ne7 10. Bd3 Rf8+ 11. Nf3 Qd5 12. Ba3 c5 13. Re1 Nbc6 14. c4
Qd4+ 15. Ke2 Qc3 16. Bxc5 b6 17. Bd6 Nd4+ 18. Nxd4 Qxd4 19. Rf1 Qg4+ 20. Kd2
Qxg2+ 21. Be2 Rxf1 22. Qxf1 Qxf1 23. Rxf1 Ng6 24. Bh5 Ba6 25. Rf8# 1-0

[Event "Let's Play Chess!"]
[Site "http://www.queenalice.com/game.php?id=306834"]
[Date "2007.11.19"]
[Round "-"]
[White "Avalon1982"]
[Black "CJ"]
[Result "1-0"]
[WhiteElo "1997"]
[BlackElo "1546"]

1. e4 e6 2. f4 g6 3. Bc4 Nf6 4. d3 Bg7 5. Nf3 Nc6 6. Nc3 a6 7. O-O Ng4 8. Qe1 h6
9. h3 Nd4 10. hxg4 Nxc2 11. Qe2 Nxa1 12. Be3 Bxc3 13. bxc3 b5 14. Rxa1 bxc4 15.
Bd4 f6 16. f5 exf5 17. exf5+ Kf7 18. fxg6+ Kxg6 19. Qe4+ Kf7 20. Qxa8 Qe8 21.
Re1 Qd8 22. Qd5+ Kg7 23. Nh4 d6 24. Qh5 Qd7 25. Qg6+ Kf8 26. Bxf6 Rg8 27. Qxh6+
Kf7 28. Re7+ Qxe7 29. Bxe7 Kxe7 30. dxc4 Rxg4 31. Qh7+ Ke6 32. Nf3 Kf6 33. Qh8+
Kf7 34. Qxc8 Rg8 35. Qxc7+ Ke6 36. Qh7 Rg3 37. Kf2 Rg4 38. Nd4+ Rxd4 39. cxd4 d5
40. c5 a5 41. c6 a4 42. c7 a3 43. c8=Q+ Kf6 44. Qcf5# 1-0

[Event "Let's Play Chess!"]
[Site "http://www.queenalice.com/game.php?id=306867"]
[Date "2007.11.20"]
[Round "-"]
[White "Avalon1982"]
[Black "KobeB"]
[Result "1-0"]
[WhiteElo "2026"]
[BlackElo "1807"]

1. e4 e5 2. Nc3 Nf6 3. f4 d5 4. d3 dxe4 5. fxe5 Ng4 6. Nxe4 Nxe5 7. d4 Ng6 8.
Nf3 Qe7 9. Bd3 f5 10. Bg5 Qe6 11. d5 1-0

[Event "Let's Play Chess!"]
[Site "http://www.queenalice.com/game.php?id=306908"]
[Date "2007.11.20"]
[Round "-"]
[White "Avalon1982"]
[Black "CJ"]
[Result "1-0"]
[WhiteElo "1997"]
[BlackElo "1565"]

1. e4 e5 2. Nc3 Bc5 3. Nf3 Qe7 4. Nd5 Qd6 5. d4 exd4 6. Nxd4 Na6 7. Nb5 Bxf2+ 8.
Kxf2 Qc5+ 9. Be3 Qc6 10. Nxa7 Rxa7 11. Bxa7 b6 12. Qd4 Qxc2+ 13. Be2 Nf6 14.
Qe5+ Kf8 15. Qe7+ Kg8 16. Qd8+ Ne8 17. Qxe8# 1-0

[Event "Let's Play Chess!"]
[Site "http://www.queenalice.com/game.php?id=306917"]
[Date "2007.11.20"]
[Round "-"]
[White "Avalon1982"]
[Black "ESSantos"]
[Result "0-1"]
[WhiteElo "2043"]
[BlackElo "1782"]

1. e4 e5 2. Nc3 Bc5 3. Nf3 d6 4. Na4 Bb6 5. Nxb6 axb6 6. d4 Qf6 7. Bg5 Qe6 8. d5
Qg6 9. Bd3 Bg4 10. Be3 Nf6 11. h3 Bd7 12. g4 h6 13. Qe2 Na6 14. Nh4 Qh7 15. f4
g6 16. f5 g5 17. Nf3 Nb4 18. Bd2 Na6 19. Bb5 Nc5 20. Bxd7+ Ncxd7 21. h4 Qg7 22.
hxg5 hxg5 23. Rxh8+ Qxh8 24. Nxg5 Qh1+ 25. Qf1 Qxf1+ 26. Kxf1 Ke7 27. Kg2 Nxg4
28. a3 Rh8 29. Rh1 Rxh1 30. Kxh1 f6 31. Ne6 Nf2+ 32. Kg2 Nxe4 33. Bb4 c5 34. Be1
Ng5 35. Nxg5 fxg5 36. Bd2 Kf6 37. c4 Kxf5 38. b3 g4 39. Kg3 e4 40. Be3 Ne5 41.
Bf4 Nf7 42. Be3 Ng5 43. Bf4 Nf7 44. Be3 Ne5 45. Bf4 Kf6 46. Bh6 Kf5 47. Bf8 e3
48. Bxd6 Nd3 49. Kg2 e2 50. Bg3 e1=Q 51. Bxe1 Nxe1+ 52. Kg3 Nd3 53. a4 Ne5 54.
Kf2 Kf4 55. Kg2 g3 56. Kf1 Kf3 57. Kg1 g2 58. d6 Nd7 0-1

[Event "Let's Play Chess!"]
[Site "http://www.queenalice.com/game.php?id=307019"]
[Date "2007.11.20"]
[Round "-"]
[White "Avalon1982"]
[Black "leandrojs1982"]
[Result "1-0"]
[WhiteElo "2024"]
[BlackElo "1390"]

1. e4 e6 2. f4 Nf6 3. Nc3 Nc6 4. Nf3 Na5 5. e5 Ng4 6. d4 Nc4 7. Bxc4 c6 8. h3
Nh6 9. Bd3 f6 10. O-O c5 11. f5 exf5 12. exf6 Qxf6 13. Re1+ 1-0

[Event "Let's Play Chess!"]
[Site "http://www.queenalice.com/game.php?id=307038"]
[Date "2007.11.20"]
[Round "-"]
[White "Avalon1982"]
[Black "MontereyMatt"]
[Result "1-0"]
[WhiteElo "2025"]
[BlackElo "1460"]

1. e4 c5 2. Nc3 e5 3. Bc4 Nc6 4. d3 Nf6 5. f4 d6 6. h3 Qa5 7. Bd2 Be6 8. Nd5 Qa4
9. Nc7+ Ke7 10. Bxe6 fxe6 11. Nxa8 Nd4 12. b3 Qe8 13. Nc7 Qd7 14. c3 Qxc7 15.
cxd4 cxd4 16. Rc1 Qd8 17. Nf3 h6 18. fxe5 Ke8 19. exf6 gxf6 20. O-O Qb6 21. Nh4
Rg8 22. Qh5+ Kd7 23. Qf7+ Be7 24. Ng6 Qd8 25. Ba5 Qf8 26. Rc7+ Kd8 27. Nxf8 Rxf8
28. Qxe7# 1-0

[Event "Let's Play Chess!"]
[Site "http://www.queenalice.com/game.php?id=307062"]
[Date "2007.11.20"]
[Round "-"]
[White "Avalon1982"]
[Black "InsaneCannibalElf"]
[Result "1/2-1/2"]
[WhiteElo "2024"]
[BlackElo "1802"]

1. e4 e5 2. Nc3 Nf6 3. f4 d6 4. Bc4 Nc6 5. d3 g6 6. h3 Bh6 7. fxe5 Bxc1 8. Qxc1
Nxe5 9. Bb3 Be6 10. Bxe6 fxe6 11. Nf3 Nxf3+ 12. gxf3 e5 13. f4 Qe7 14. Qe3 c5
15. O-O-O O-O-O 16. fxe5 Qxe5 17. Rhf1 Kb8 18. d4 cxd4 19. Rxd4 d5 20. Qf4 Qxf4+
21. Rxf4 Nh5 22. Rf7 1/2-1/2

[Event "Let's Play Chess!"]
[Site "http://www.queenalice.com/game.php?id=307283"]
[Date "2007.11.20"]
[Round "-"]
[White "Avalon1982"]
[Black "gustavline"]
[Result "1-0"]
[WhiteElo "2037"]
[BlackElo "1748"]

1. e4 e6 2. f4 d5 3. Qe2 dxe4 4. Qxe4 Nf6 5. Qf3 Nc6 6. Bb5 Bd7 7. Nc3 Bd6 8. d3
O-O 9. Nge2 Re8 10. O-O a6 11. Bc4 b5 12. Bb3 b4 13. Ne4 Nxe4 14. dxe4 Rf8 15.
e5 Be7 16. Ng3 Nd4 17. Qg4 Bc6 18. f5 exf5 19. Nxf5 Nxf5 20. Rxf5 Bd7 21. e6
Bxe6 22. Bxe6 fxe6 23. Rxf8+ Bxf8 24. Qxe6+ Kh8 25. Be3 Qe8 26. Qxe8 1-0

[Event "Let's Play Chess!"]
[Site "http://www.queenalice.com/game.php?id=307342"]
[Date "2007.11.20"]
[Round "-"]
[White "Avalon1982"]
[Black "elche"]
[Result "1-0"]
[WhiteElo "1997"]
[BlackElo "1692"]

1. e4 c5 2. Nc3 e6 3. f4 f6 4. Nf3 g6 5. Bc4 Bg7 6. O-O Ne7 7. f5 exf5 8. exf5
Nxf5 9. Re1+ Ne7 10. Nd5 Nc6 11. Qe2 Bf8 12. Nxf6# 1-0

[Event "Let's Play Chess!"]
[Site "http://www.queenalice.com/game.php?id=307445"]
[Date "2007.11.20"]
[Round "-"]
[White "Avalon1982"]
[Black "inguitar"]
[Result "0-1"]
[WhiteElo "2024"]
[BlackElo "1450"]

1. e4 e5 2. Nc3 Nc6 3. Bc4 Nf6 4. d3 Bb4 5. f4 d5 6. exd5 Nxd5 7. Bd2 Bxc3 8.
bxc3 Nxf4 9. Bxf4 exf4 10. Ne2 Qh4+ 11. Kd2 Bg4 12. h3 Bh5 13. Qe1 Qg5 14. Ng3+
Ne5 15. Nxh5 f3+ 16. Qe3 Qxh5 17. d4 O-O-O 18. gxf3 Nxc4+ 19. Kd3 Nxe3 20. Kxe3
Rhe8+ 0-1

[Event "Let's Play Chess!"]
[Site "http://www.queenalice.com/game.php?id=307470"]
[Date "2007.11.20"]
[Round "-"]
[White "Avalon1982"]
[Black "Pretender"]
[Result "1-0"]
[WhiteElo "2010"]
[BlackElo "1901"]

1. e4 c5 2. Nc3 a6 3. a4 e6 4. Bc4 Ne7 5. f4 d5 6. exd5 exd5 7. Ba2 Nbc6 8. Nf3
g6 9. d3 Bg7 10. O-O O-O 11. Bd2 h6 12. Nh4 Nd4 13. Nf3 1-0